000 00311nam a22001337a 4500
008 181031b xxu||||| |||| 00| 0 eng d
020 _a9780030469886
041 _aeng
080 _a541
100 _a12
101 _aKIM
245 _aGeneral, Organic and Biological Chemistry
_cAmend, J.R
942 _2udc
_cBK
999 _c51279
_d51279